00455nam a2200169 a 450000100060000000300090000600800410001502000150005604000280007108200180009910000360011724500480015326000290020130000080023065000150023865000320025313931CO-ViMGA141112s2004 ck r 000 u spa d a8480131608 aCO-ViMGAbspacCO-ViMGA04a796.323 A533b1 aAlderete, Jose L.; Osma, Jorge 10aBaloncesto : btecnica individual defensiva aMadrd : bGymnos, c1998 a12314aBALONCESTO14aENTRENAMIENTO DE BALONCESTO